[Event "19th EUR-ch"]
[Site "Batumi GEO"]
[Date "2018.03.25"]
[Round "8.124"]
[White "Sargsian, Anna M."]
[Black "Belous, Mikhail"]
[Result "1-0"]
[WhiteElo "2188"]
[BlackElo "2355"]
[EventDate "2018.03.17"]
[PlyCount "115"]

1.d4 Nf6 2.c4 g6 3.g3 Bg7 4.Bg2 O-O 5.Nf3 d6 6.Nc3 Nc6 7.O-O a6 8.Qd3 Bf5 
9.e4 Bg4 10.Be3 Nd7 11.Nd2 e5 12.d5 Nd4 13.b4 a5 14.a3 f5 15.h3 axb4 16.
axb4 Rxa1 17.Rxa1 fxe4 18.Ndxe4 Bf3 19.Bxf3 Nxf3+ 20.Kg2 b6 21.Nb5 Nf6 22.
Kxf3 Nxe4+ 23.Kg2 Nxf2 24.Bxf2 e4 25.Qd1 Bxa1 26.Qxa1 Qe7 27.Qe1 Qf7 28.
Qe2 Re8 29.Nd4 b5 30.Ne6 Qf3+ 31.Qxf3 exf3+ 32.Kxf3 bxc4 33.b5 c3 34.Ke2 
Kf7 35.Kd3 Rc8 36.Kxc3 Ke7 37.Be3 Kd7 38.Bh6 Ra8 39.Kb3 Ra1 40.Nf8+ Ke7 
41.Nxh7 Rb1+ 42.Kc4 Rb2 43.Bg5+ Kf7 44.Be3 Rc2+ 45.Kb3 Rg2 46.Bf4 Ke7 47.
Ng5 Kd7 48.Ne6 Kc8 49.h4 Kb7 50.Nf8 Kb6 51.Nxg6 Kxb5 52.h5 Kc5 53.h6 Rh2 
54.Nh4 Re2 55.h7 Re8 56.Ng6 Kxd5 57.Bh6 c5 58.Nf8 1-0

[Event "19th EUR-ch"]
[Site "Batumi GEO"]
[Date "2018.03.25"]
[Round "8.125"]
[White "Baglan, Esat"]
[Black "Nikolaidis, Konstantinos"]
[Result "1-0"]
[WhiteElo "2341"]
[BlackElo "2184"]
[EventDate "2018.03.17"]
[PlyCount "137"]

1.e4 c6 2.d4 d5 3.e5 c5 4.dxc5 e6 5.a3 Nc6 6.Nf3 Bxc5 7.b4 Bb6 8.Bb2 Nge7 
9.Bd3 Ng6 10.O-O Nf4 11.c4 O-O 12.Nc3 a6 13.Re1 Ne7 14.Bf1 dxc4 15.Bxc4 
Bd7 16.Ne4 Bc6 17.Nd4 Bd5 18.Bf1 Nfg6 19.Qh5 Bxd4 20.Bxd4 Bxe4 21.Rxe4 Qd5
22.Qe2 Rfd8 23.g3 Nc6 24.Bb6 Rd7 25.f4 Nge7 26.Bg2 Qb3 27.Qf3 Rd3 28.Re3 
Rad8 29.Bf1 Rxe3 30.Qxe3 Qxe3+ 31.Bxe3 Nf5 32.Kf2 f6 33.exf6 gxf6 34.Rc1 
Rd6 35.Bg2 Nfe7 36.a4 Rd7 37.b5 axb5 38.axb5 Nb4 39.Ra1 Ned5 40.Ra8+ Kf7 
41.Be4 f5 42.Bf3 Nd3+ 43.Ke2 Nc3+ 44.Kf1 Nxb5 45.Rh8 Kg6 46.Rb8 Nd6 47.Bd4
Nc4 48.Rg8+ Kf7 49.Rg7+ Ke8 50.Rxd7 Kxd7 51.Bxb7 Nd6 52.Bf3 Nb4 53.Kg2 Nd5
54.Kf2 Nb5 55.Bb2 Nbc3 56.Ke1 Ne4 57.Ke2 Nef6 58.Bd4 Kd6 59.Kd3 Nd7 60.Kc4
N7b6+ 61.Kb5 Nd7 62.Bf2 e5 63.fxe5+ Nxe5 64.Bg2 Ng4 65.Bg1 Nc3+ 66.Kc4 Ne2
67.Bc5+ Ke6 68.Kd3 Nc1+ 69.Kc2 1-0

[Event "19th EUR-ch"]
[Site "Batumi GEO"]
[Date "2018.03.25"]
[Round "8.126"]
[White "Kuchava, Ana"]
[Black "Krykun, Yuriy"]
[Result "0-1"]
[WhiteElo "2149"]
[BlackElo "2340"]
[EventDate "2018.03.17"]
[PlyCount "112"]

1.d4 Nf6 2.Nf3 g6 3.Bf4 Bg7 4.e3 O-O 5.h3 c5 6.c3 b6 7.Be2 Bb7 8.O-O d6 9.
a4 a6 10.Nbd2 Nbd7 11.Bh2 Ra7 12.Qb3 Qa8 13.Rfd1 Rc8 14.Bc4 d5 15.Be2 c4 
16.Qa2 Bc6 17.Ne5 Qb7 18.Bf3 Nxe5 19.Bxe5 Raa8 20.b4 Re8 21.Qb2 b5 22.a5 
Bf8 23.Qc2 Nd7 24.e4 Nxe5 25.dxe5 e6 26.exd5 exd5 27.Bg4 d4 28.cxd4 Bxb4 
29.Bf3 Bxd2 30.Bxc6 Qxc6 31.Qxd2 Rad8 32.Qb4 Rd5 33.Rd2 Red8 34.Rad1 Qe6 
35.Qc3 Rc8 36.f4 Qe7 37.Qf3 Qd7 38.Qc3 Qf5 39.Rf2 Rcd8 40.Qe3 h5 41.Rb2 
Qd7 42.Rbd2 b4 43.Rb2 Qe7 44.f5 Rxe5 45.dxe5 Rxd1+ 46.Kh2 gxf5 47.Qg3+ Kf8
48.e6 fxe6 49.Qb8+ Rd8 50.Qxb4 Rc8 51.Kg3 c3 52.Rb1 c2 53.Rc1 Kf7 54.Kf3 
Kf6 55.Ke3 h4 56.Kd3 Kg5 0-1

[Event "19th EUR-ch"]
[Site "Batumi GEO"]
[Date "2018.03.25"]
[Round "8.127"]
[White "Uzunoglu, Efe Kerem"]
[Black "Murzin, Volodar"]
[Result "1/2-1/2"]
[WhiteElo "2060"]
[BlackElo "2316"]
[EventDate "2018.03.17"]
[PlyCount "99"]

1.d4 Nf6 2.c4 g6 3.Nc3 Bg7 4.e4 d6 5.h3 O-O 6.Bg5 h6 7.Be3 e5 8.d5 Na6 9.
Bd3 Nc5 10.Bc2 a5 11.Qd2 Kh7 12.g4 Ne8 13.g5 h5 14.Nf3 Bd7 15.O-O-O Qc8 
16.Nh4 Bxh3 17.f4 exf4 18.Bxf4 Bg4 19.Rdg1 Kg8 20.Qh2 Bxc3 21.bxc3 Ng7 22.
e5 dxe5 23.Bxe5 Re8 24.Qf4 Rxe5 25.Qxe5 Qd7 26.Qd4 Qe7 27.Kb1 b6 28.Rxg4 
hxg4 29.Qxg4 Qd6 30.Qh3 Nh5 31.Nf5 Qe5 32.Nh6+ Kg7 33.Nxf7 Qg3 34.Qf1 Qf4 
35.Qxf4 Nxf4 36.Ne5 Re8 37.Ng4 Nh5 38.Rf1 Ne4 39.Bxe4 Rxe4 40.Nf6 Nxf6 41.
Rxf6 Rxc4 42.Kc2 Rc5 43.d6 cxd6 44.Rxd6 b5 45.Rd7+ Kf8 46.Kd3 Rxg5 47.Ra7 
a4 48.c4 Rg3+ 49.Kc2 b4 50.Rxa4 1/2-1/2

[Event "19th EUR-ch"]
[Site "Batumi GEO"]
[Date "2018.03.25"]
[Round "8.128"]
[White "Demianjuk, Alexander"]
[Black "Eynullayev, Altay"]
[Result "1-0"]
[WhiteElo "2313"]
[BlackElo "2163"]
[EventDate "2018.03.17"]
[PlyCount "65"]

1.d4 Nf6 2.Nf3 e6 3.c4 c5 4.d5 exd5 5.cxd5 d6 6.Nc3 g6 7.Nd2 Nbd7 8.e4 Bg7
9.Be2 O-O 10.O-O Re8 11.Re1 Ne5 12.h3 g5 13.Nf1 h6 14.a4 a6 15.a5 Rb8 16.
Ng3 b5 17.axb6 Rxb6 18.Qc2 Ng6 19.Nd1 Nf4 20.Ne3 Nxe2+ 21.Rxe2 Rb5 22.Nc4 
Qe7 23.Bd2 g4 24.h4 Nh7 25.Bc3 Be5 26.Nf5 Bxf5 27.exf5 f6 28.Rxa6 Rd8 29.
Qe4 h5 30.f4 gxf3 31.Qxf3 Qf7 32.Bxe5 dxe5 33.Nd6 1-0

[Event "19th EUR-ch"]
[Site "Batumi GEO"]
[Date "2018.03.25"]
[Round "8.129"]
[White "Atakishiev, Elmar"]
[Black "Shevelev, Arkady"]
[Result "1-0"]
[WhiteElo "1999"]
[BlackElo "2309"]
[EventDate "2018.03.17"]
[PlyCount "20"]

1.e4 c6 2.d4 d5 3.exd5 cxd5 4.c4 Nf6 5.Nc3 g6 6.Qb3 e6 7.Nf3 Nc6 8.Bg5 Be7
9.cxd5 Nxd5 10.Bxe7 Ncxe7 1-0

[Event "19th EUR-ch"]
[Site "Batumi GEO"]
[Date "2018.03.25"]
[Round "8.130"]
[White "Vykouk, Jan"]
[Black "Gebigke, Martin"]
[Result "1-0"]
[WhiteElo "2445"]
[BlackElo "2132"]
[EventDate "2018.03.17"]
[PlyCount "65"]

1.e4 c5 2.Nf3 d6 3.d4 cxd4 4.Nxd4 Nf6 5.Nc3 a6 6.h3 e6 7.g4 Nfd7 8.Bg2 Nc6
9.Nde2 Be7 10.O-O O-O 11.f4 b5 12.a3 Bb7 13.Be3 Rc8 14.Qd2 Nb6 15.b3 Qc7 
16.Rad1 Rfd8 17.f5 Ne5 18.fxe6 fxe6 19.Nf4 Nbc4 20.bxc4 Nxc4 21.Qf2 Nxe3 
22.Nxe6 Qxc3 23.Qf7+ Kh8 24.Nxd8 Rxd8 25.Qxe7 Qc8 26.Rxd6 Re8 27.Qd7 Nxf1 
28.Qxc8 Rxc8 29.Bxf1 Bxe4 30.Rxa6 Rxc2 31.Bd3 Rc1+ 32.Kf2 Bg6 33.Ra8+ 1-0

[Event "19th EUR-ch"]
[Site "Batumi GEO"]
[Date "2018.03.25"]
[Round "8.131"]
[White "Vardanian, Hamazasp"]
[Black "Mazur, Stefan"]
[Result "0-1"]
[WhiteElo "2109"]
[BlackElo "2439"]
[EventDate "2018.03.17"]
[PlyCount "106"]

1.e4 e5 2.Nf3 Nc6 3.d4 exd4 4.Nxd4 Nf6 5.Nc3 Bc5 6.Nxc6 bxc6 7.Bd3 d5 8.
exd5 cxd5 9.O-O O-O 10.Bg5 c6 11.Qf3 Be7 12.h3 h6 13.Bf4 Bd6 14.Rfe1 Be6 
15.Ne2 c5 16.c3 Rb8 17.b3 Re8 18.Rad1 Rb6 19.g4 Nd7 20.Qg3 Qb8 21.Bxd6 
Qxd6 22.Nf4 Ne5 23.Be4 d4 24.cxd4 cxd4 25.Ne2 Rb4 26.f4 Qb6 27.fxe5 d3+ 
28.Qf2 Rxe4 29.Qxb6 axb6 30.Ng3 Rxe1+ 31.Rxe1 Ra8 32.Rd1 Rxa2 33.Rxd3 Rb2 
34.Ne4 Rxb3 35.Rxb3 Bxb3 36.Kf2 Kf8 37.Nd6 Be6 38.Ke3 Ke7 39.Kd4 Kd7 40.
Nf5 Kc6 41.Ne7+ Kb7 42.Nf5 Ka6 43.Nd6 Ka5 44.Nf5 g6 45.Nxh6 Ka4 46.h4 b5 
47.h5 gxh5 48.gxh5 b4 49.Ng8 b3 50.h6 Bf5 51.Ne7 b2 52.Nd5 Kb3 53.Nc3 Bh7 
0-1

[Event "19th EUR-ch"]
[Site "Batumi GEO"]
[Date "2018.03.25"]
[Round "8.132"]
[White "Grinev, Boris"]
[Black "Lewtak, Damian"]
[Result "0-1"]
[WhiteElo "2092"]
[BlackElo "2370"]
[EventDate "2018.03.17"]
[PlyCount "82"]

1.d4 g6 2.Nf3 Bg7 3.Bf4 d6 4.e3 Nd7 5.Be2 e5 6.Bg3 Ne7 7.c4 Nf5 8.Nc3 O-O 
9.dxe5 Nxg3 10.hxg3 Nxe5 11.Rc1 a5 12.O-O Re8 13.Qd2 Ng4 14.Nd4 Bh6 15.
Bxg4 Bxg4 16.Ndb5 Re5 17.Qd4 Bd7 18.Rcd1 Bg7 19.Nxd6 cxd6 20.Qxd6 Re7 21.
Nd5 Re6 22.Qc7 Rb8 23.Rd2 Qxc7 24.Nxc7 Re7 25.Nd5 Re5 26.Rfd1 Bc6 27.b3 
Bxd5 28.Rxd5 Rxd5 29.Rxd5 b6 30.Kf1 Bf8 31.g4 Bc5 32.Ke2 Kf8 33.a4 Ke7 34.
f3 Rh8 35.g5 h6 36.Re5+ Kd6 37.f4 hxg5 38.Rxg5 Rh1 39.Rd5+ Ke6 40.g4 Rh2+ 
41.Kf3 Rh3+ 0-1

[Event "19th EUR-ch"]
[Site "Batumi GEO"]
[Date "2018.03.25"]
[Round "8.133"]
[White "Melkonyan, Arshak"]
[Black "Gharibian, Mamikon"]
[Result "1/2-1/2"]
[WhiteElo "2082"]
[BlackElo "2312"]
[EventDate "2018.03.17"]
[PlyCount "71"]

1.e4 e6 2.d4 d5 3.Nc3 Bb4 4.e5 c5 5.a3 Bxc3+ 6.bxc3 Qa5 7.Bd2 Qa4 8.Qb1 c4
9.Ne2 Nc6 10.Nf4 Nge7 11.Be2 b6 12.Nh5 Rg8 13.O-O Bd7 14.Ra2 O-O-O 15.f4 
Rdf8 16.Qe1 f6 17.Bg4 f5 18.Be2 Be8 19.Qf2 h6 20.h4 Kc7 21.Rb1 Bf7 22.Rf1 
Na5 23.Qf3 Ng6 24.g3 Ne7 25.Rb1 Nac6 26.Kg2 Bg6 27.Rh1 Rf7 28.Rb1 Rb8 29.
Qf2 Bh7 30.Bf3 Rbf8 31.Qe2 Rg8 32.Be3 Nd8 33.Rh1 Rh8 34.Raa1 Qe8 35.a4 a5 
36.Bd2 1/2-1/2

[Event "19th EUR-ch"]
[Site "Batumi GEO"]
[Date "2018.03.25"]
[Round "8.134"]
[White "Barseghian, Armen Ar."]
[Black "Ziroian, David"]
[Result "1/2-1/2"]
[WhiteElo "2298"]
[BlackElo "2080"]
[EventDate "2018.03.17"]
[PlyCount "48"]

1.d4 Nf6 2.c4 e6 3.g3 d5 4.Nf3 Be7 5.Bg2 O-O 6.O-O dxc4 7.Qc2 a6 8.a4 Nbd7
9.Qxc4 c5 10.Bg5 cxd4 11.Qxd4 h6 12.Bc1 Nc5 13.Nbd2 Qxd4 14.Nxd4 Rd8 15.
N4b3 Nxb3 16.Nxb3 Bd7 17.Na5 Nd5 18.Bxd5 exd5 19.Rd1 b6 20.Nb3 Bf6 21.Be3 
Bxb2 22.Rab1 d4 23.Bxd4 Bxd4 24.Rxd4 Be8 1/2-1/2

[Event "19th EUR-ch"]
[Site "Batumi GEO"]
[Date "2018.03.25"]
[Round "8.135"]
[White "Henseler, Jorgen"]
[Black "Sandu, Mihaela"]
[Result "0-1"]
[WhiteElo "2043"]
[BlackElo "2289"]
[EventDate "2018.03.17"]
[PlyCount "58"]

1.e4 c5 2.Nf3 d6 3.d4 cxd4 4.Nxd4 Nf6 5.Nc3 a6 6.Be3 e6 7.g4 h6 8.Bg2 Nc6 
9.h3 Ne5 10.Qe2 g5 11.O-O-O Nfd7 12.h4 Rg8 13.hxg5 hxg5 14.f4 gxf4 15.Bxf4
Ng6 16.Be3 Nde5 17.Nf5 Qc7 18.Nh6 Rh8 19.g5 Bd7 20.Rhf1 Be7 21.Nf5 O-O-O 
22.Nxe7+ Nxe7 23.Bf4 N7g6 24.Bg3 Bc6 25.Rd4 Qe7 26.Rf6 Nf8 27.Bxe5 dxe5 
28.Rxd8+ Kxd8 29.Qd2+ Kc8 0-1

[Event "19th EUR-ch"]
[Site "Batumi GEO"]
[Date "2018.03.25"]
[Round "8.136"]
[White "Morozov, Vitalij"]
[Black "Demircioglu, Emre"]
[Result "0-1"]
[WhiteElo "2039"]
[BlackElo "2285"]
[EventDate "2018.03.17"]
[PlyCount "208"]

1.e4 c6 2.c4 d5 3.exd5 cxd5 4.cxd5 Nf6 5.Qa4+ Nbd7 6.Nc3 g6 7.Nf3 Bg7 8.
Bc4 O-O 9.d3 a6 10.Qa3 Nb6 11.Qb3 Bg4 12.Ne5 Bf5 13.O-O Ne8 14.Bf4 Nd6 15.
Rfc1 Rc8 16.Ne2 Nd7 17.Nxd7 Qxd7 18.Qb6 Nxc4 19.dxc4 Bd3 20.Nc3 Bxc4 21.
Rd1 Qf5 22.Qe3 Bxc3 23.bxc3 Bxd5 24.Bh6 Qe4 25.Qxe4 Bxe4 26.Bxf8 Kxf8 27.
f3 Bc6 28.c4 e6 29.Rab1 Ke7 30.Kf2 g5 31.h4 h6 32.Rh1 Rg8 33.g3 g4 34.Rhd1
Bxf3 35.Rd4 e5 36.Rd2 Rc8 37.Rc1 Rc5 38.Rdc2 Ra5 39.Rd2 f6 40.Rc3 Bc6 41.
a3 Rc5 42.Rdc2 f5 43.Ke3 Be4 44.Rc1 Rc6 45.c5 Rf6 46.Rf1 Rf8 47.Rd1 Rf6 
48.Rf1 Bc6 49.Rf2 f4+ 50.gxf4 g3 51.Rf1 g2 52.Rg1 Rxf4 53.Rd3 Rxh4 54.Rd6 
Rh3+ 55.Kf2 Rxa3 56.Rxh6 Ra2+ 57.Ke3 Rc2 58.Rh7+ Ke6 59.Rh6+ Kf5 60.Rh5+ 
Kf6 61.Rd1 Rxc5 62.Rd6+ Kf7 63.Rf5+ Ke7 64.Rg6 Rc1 65.Rxe5+ Kd7 66.Reg5 
Kc7 67.Kd2 Ra1 68.Kc3 a5 69.Kb2 Rf1 70.Ka3 Rf3+ 71.Ka2 Rf2+ 72.Ka3 Kb6 73.
Rg4 Ka7 74.R4g5 a4 75.Ra5+ Kb8 76.Rag5 Rf4 77.Rg8+ Kc7 78.R8g7+ Kb8 79.
R7g6 Rf3+ 80.Ka2 Rf2+ 81.Ka3 Re2 82.Rh5 Re1 83.Rhg5 Re3+ 84.Ka2 Kc7 85.Rf6
Rd3 86.Rfg6 Bd5+ 87.Kb1 a3 88.Rxd5 Rxd5 89.Rxg2 Rd3 90.Rg6 Rc3 91.Ka2 b6 
92.Rg4 Kc6 93.Rg8 Kb5 94.Rg5+ Ka4 95.Rg4+ Ka5 96.Rg8 b5 97.Rh8 Ka4 98.Ra8+
Kb4 99.Rb8 Rc2+ 100.Kb1 Rh2 101.Ka1 Ka4 102.Rg8 b4 103.Rg3 Rh1+ 104.Ka2 
b3+ 0-1

[Event "19th EUR-ch"]
[Site "Batumi GEO"]
[Date "2018.03.25"]
[Round "8.137"]
[White "Tsvetkov, Andrey"]
[Black "Ismayilov, Muhammad"]
[Result "1/2-1/2"]
[WhiteElo "2252"]
[BlackElo "2021"]
[EventDate "2018.03.17"]
[PlyCount "79"]

1.d4 d5 2.c4 c6 3.Nf3 Nf6 4.Nbd2 g6 5.e3 Bg7 6.b3 O-O 7.Bb2 Ne4 8.Be2 f5 
9.O-O e6 10.Rc1 Nd7 11.b4 g5 12.Nxe4 dxe4 13.Ne5 g4 14.b5 Nxe5 15.dxe5 Qc7
16.bxc6 bxc6 17.c5 Bxe5 18.Bxe5 Qxe5 19.Qa4 Bd7 20.Rfd1 Rfd8 21.Bf1 Kf7 
22.Rd6 a5 23.Qd1 Ke7 24.Qd2 Ra7 25.a4 h5 26.Kh1 Rb8 27.Rd1 Rbb7 28.Qc1 Rb4
29.Qd2 Be8 30.Qa2 Bd7 31.R1d2 Rab7 32.g3 Qxc5 33.Ba6 Ra7 34.Qa1 e5 35.Rh6 
Be6 36.Rh7+ Kf6 37.Rh6+ Ke7 38.Rh7+ Kf6 39.Rh6+ Ke7 40.Rh7+ 1/2-1/2

[Event "19th EUR-ch"]
[Site "Batumi GEO"]
[Date "2018.03.25"]
[Round "8.138"]
[White "Janiashvili, Mariami"]
[Black "Yuksel, Atilla Koksal"]
[Result "0-1"]
[WhiteElo "1987"]
[BlackElo "2237"]
[EventDate "2018.03.17"]
[PlyCount "118"]

1.d4 Nf6 2.c4 e6 3.Nf3 d5 4.Nc3 Nbd7 5.Bg5 c6 6.cxd5 exd5 7.e3 Be7 8.Bd3 
O-O 9.Qc2 Re8 10.Ne5 Nf8 11.O-O Ng4 12.Bxe7 Qxe7 13.Nxg4 Bxg4 14.Rae1 Rad8
15.Ne2 Bxe2 16.Rxe2 Rd6 17.f3 g6 18.Rfe1 Re6 19.Qb3 b6 20.a4 Qd6 21.Bb1 
Nd7 22.Ba2 Kg7 23.Qc3 f5 24.e4 fxe4 25.fxe4 Rxe4 26.Rxe4 Rxe4 27.Rxe4 dxe4
28.d5+ Nf6 29.dxc6 e3 30.h3 e2 31.c7 Qd1+ 32.Kh2 e1=Q 33.Qxe1 Qxe1 34.c8=Q
Qe5+ 35.Kg1 Qd4+ 36.Kh2 Qd6+ 37.Kg1 Qd1+ 38.Kh2 Qxa4 39.Qc7+ Qd7 40.Qe5 
Qf5 41.Qxf5 gxf5 42.Kg3 Ne8 43.Kf4 Kf6 44.b4 a5 45.bxa5 bxa5 46.Bb3 Nc7 
47.g4 Ne6+ 48.Ke3 f4+ 49.Kf2 Nd4 50.Bg8 Kg7 51.Bd5 a4 52.h4 a3 53.Ba2 Kf6 
54.Bb1 Nb5 55.Ba2 Nc3 56.Bb3 a2 57.Bxa2 Nxa2 58.Kf3 Ke5 59.g5 Kf5 0-1

[Event "19th EUR-ch"]
[Site "Batumi GEO"]
[Date "2018.03.25"]
[Round "8.139"]
[White "Babukhadia, Levan"]
[Black "Sahin, Ozgun"]
[Result "1-0"]
[WhiteElo "1968"]
[BlackElo "2201"]
[EventDate "2018.03.17"]
[PlyCount "104"]

1.e4 c5 2.Nf3 Nc6 3.d4 cxd4 4.Nxd4 g6 5.Nxc6 bxc6 6.Qd4 Nf6 7.e5 Nh5 8.e6 
Nf6 9.exd7+ Bxd7 10.Bc4 Bg7 11.O-O O-O 12.Qh4 Qb6 13.Nd2 Rad8 14.Nf3 Bg4 
15.Ne5 Bf5 16.Be3 Qxb2 17.Nxc6 Rd7 18.Bb3 Qc3 19.Nd4 Be4 20.Ne6 Bxg2 21.
Kxg2 Qc6+ 22.Kg1 fxe6 23.Ba4 Qa8 24.Bxd7 Nxd7 25.Qxe7 Ne5 26.Qxe6+ Kh8 27.
f4 Nf3+ 28.Rxf3 Qxf3 29.Rf1 Qe2 30.Rf2 Qd1+ 31.Kg2 a5 32.Rd2 Qe1 33.Qe7 h5
34.c4 Kh7 35.Rd7 Qe2+ 36.Bf2 Qxe7 37.Rxe7 Rxf4 38.c5 Rc4 39.c6 Rxc6 40.Bd4
Rc2+ 41.Kg1 Rxa2 42.h4 Ra4 43.Rxg7+ Kh8 44.Rd7+ Kg8 45.Kf2 Ra2+ 46.Ke3 
Ra3+ 47.Ke4 Kf8 48.Bf6 Rg3 49.Ra7 a4 50.Kd5 Rg4 51.Ke6 Re4+ 52.Be5 Rxe5+ 
1-0

[Event "19th EUR-ch"]
[Site "Batumi GEO"]
[Date "2018.03.25"]
[Round "8.140"]
[White "Burnett, Andrew"]
[Black "Shamatava, Nikolozi"]
[Result "1-0"]
[WhiteElo "2183"]
[BlackElo "1570"]
[EventDate "2018.03.17"]
[PlyCount "93"]

1.d4 Nf6 2.Nf3 e6 3.Bf4 b6 4.e3 Bb7 5.Nbd2 Be7 6.h3 O-O 7.Bd3 d5 8.O-O c5 
9.c3 Nc6 10.Re1 Bd6 11.Ne5 Qc7 12.Nxc6 Bxc6 13.Qf3 Bxf4 14.exf4 g6 15.Qe3 
Bb7 16.Qe5 Qxe5 17.fxe5 Nd7 18.b4 Rac8 19.Rec1 Rc7 20.bxc5 bxc5 21.Rcb1 
Rfc8 22.a4 Kg7 23.f4 Ba8 24.Ba6 Rd8 25.Ra2 Nb6 26.Nb3 c4 27.Nc5 Nd7 28.
Nxd7 Rcxd7 29.Rab2 Bc6 30.Bb5 Bxb5 31.Rxb5 a6 32.Rb6 Ra7 33.a5 h5 34.Rb7 
Rda8 35.Rxa7 Rxa7 36.Rb8 f5 37.Rb6 Kf7 38.Kf2 Ke7 39.Kg3 Kd7 40.Rd6+ Ke7 
41.Rb6 Kd7 42.Kh4 Ra8 43.Kg5 Ra7 44.Kf6 h4 45.Rd6+ Kc8 46.Rxe6 Rb7 47.Re8+
1-0

[Event "19th EUR-ch"]
[Site "Batumi GEO"]
[Date "2018.03.25"]
[Round "8.141"]
[White "Eynullayev, Atilla"]
[Black "Lomaia, Diana"]
[Result "1-0"]
[WhiteElo "2147"]
[BlackElo "1742"]
[EventDate "2018.03.17"]
[PlyCount "67"]

1.d4 Nf6 2.c4 g6 3.Nc3 Bg7 4.e4 d6 5.Be2 O-O 6.Be3 Nbd7 7.g4 e6 8.g5 Ne8 
9.Qd2 Qe7 10.O-O-O c5 11.f4 Nc7 12.dxc5 dxc5 13.e5 a6 14.Ne4 a5 15.Nf6+ 
Bxf6 16.gxf6 Nxf6 17.exf6 Qxf6 18.Bxc5 Re8 19.Bd4 Qe7 20.Bc3 f6 21.Nf3 Na6
22.h4 h5 23.Rhg1 Kh7 24.Bd3 Rg8 25.Qc2 f5 26.Qe2 Bd7 27.Ne5 Be8 28.Rg5 Rg7
29.Rdg1 Nb4 30.Bb1 Rc8 31.a3 Nc6 32.Nxc6 Rxc6 33.Bxg7 Qxg7 34.Qxh5+ 1-0

[Event "19th EUR-ch"]
[Site "Batumi GEO"]
[Date "2018.03.25"]
[Round "8.142"]
[White "Trisha, Kanyamarala"]
[Black "Simonian, Latush"]
[Result "0-1"]
[WhiteElo "1956"]
[BlackElo "2111"]
[EventDate "2018.03.17"]
[PlyCount "108"]

1.Nf3 c5 2.c4 Nc6 3.Nc3 g6 4.e3 Nf6 5.d4 cxd4 6.exd4 d5 7.cxd5 Nxd5 8.Qb3 
Nxc3 9.bxc3 Bg7 10.Be2 O-O 11.O-O b6 12.Be3 Bb7 13.Rfd1 Rc8 14.Rac1 Qd6 
15.Nd2 Na5 16.Qb1 Rfd8 17.Ne4 Qd5 18.Bf3 Qf5 19.h4 h6 20.Qd3 Nc4 21.Qc2 
Rd7 22.Nd2 Nxd2 23.Bxb7 Qxc2 24.Rxc2 Rxb7 25.Rdxd2 Rbc7 26.Rd3 h5 27.Bf4 
Rd7 28.Be3 b5 29.Rb2 Rd5 30.Kf1 e5 31.f3 f5 32.Rb3 a5 33.Bd2 Rc4 34.Ke2 a4
35.Rb2 exd4 36.cxd4 Rcxd4 37.Rxd4 Bxd4 38.Rc2 Rc5 39.Rxc5 Bxc5 40.Be3 Bxe3
41.Kxe3 b4 42.Kd3 Kf7 43.Kc4 b3 44.axb3 axb3 45.Kxb3 Ke6 46.Kc3 Ke5 47.g3 
f4 48.g4 g5 49.Kd3 gxh4 50.Ke2 hxg4 51.fxg4 Kf6 52.Kf2 Kg5 53.Kf3 h3 54.
Kf2 Kxg4 0-1

[Event "19th EUR-ch"]
[Site "Batumi GEO"]
[Date "2018.03.25"]
[Round "8.143"]
[White "Samadov, Read"]
[Black "Yeremian, Alen"]
[Result "0-1"]
[WhiteElo "2099"]
[BlackElo "1961"]
[EventDate "2018.03.17"]
[PlyCount "80"]

1.e4 Nf6 2.e5 Nd5 3.d4 d6 4.Nf3 Bg4 5.Be2 c6 6.O-O Bxf3 7.Bxf3 dxe5 8.dxe5
e6 9.Qe2 Qc7 10.c4 Ne7 11.Bf4 Nd7 12.Re1 Ng6 13.Bg3 Bb4 14.Nc3 Bxc3 15.
bxc3 Nc5 16.Qe3 Qa5 17.Bd1 O-O-O 18.Bc2 Rd7 19.f4 Ne7 20.Bf2 b6 21.Qf3 Kc7
22.Bd4 Rhd8 23.Qh5 g6 24.Qxh7 Nf5 25.Bf2 Rd2 26.Bxf5 gxf5 27.Be3 R2d7 28.
Qh3 Ne4 29.Qf3 Qxc3 30.Rac1 Qa5 31.Qe2 Rd3 32.h4 Qa3 33.h5 Qe7 34.Qf3 Kb7 
35.Rcd1 Qh4 36.Qe2 Nc3 37.Qxd3 Rxd3 38.Bf2 Ne2+ 39.Kf1 Ng3+ 40.Bxg3 Rxg3 
0-1

[Event "19th EUR-ch"]
[Site "Batumi GEO"]
[Date "2018.03.25"]
[Round "8.144"]
[White "Asatrian, Gor"]
[Black "Day, Thomas W."]
[Result "1/2-1/2"]
[WhiteElo "1852"]
[BlackElo "2083"]
[EventDate "2018.03.17"]
[PlyCount "53"]

1.e4 e6 2.d4 d5 3.Nd2 Nf6 4.e5 Nfd7 5.f4 c5 6.c3 Nc6 7.Ndf3 cxd4 8.cxd4 
Bb4+ 9.Kf2 f6 10.Bd3 g5 11.exf6 Nxf6 12.fxg5 Ne4+ 13.Ke2 e5 14.a3 Ba5 15.
Qb3 Bg4 16.Be3 Bb6 17.dxe5 Bxe3 18.Kxe3 Nxe5 19.Nxe5 Qxg5+ 20.Kd4 Qf4 21.
Bb5+ Ke7 22.Qe3 Qf6 23.a4 Rac8 24.Rc1 Qb6+ 25.Kd3 Nc5+ 26.Kc2 Ne4+ 27.Kd3 
1/2-1/2

[Event "19th EUR-ch"]
[Site "Batumi GEO"]
[Date "2018.03.25"]
[Round "8.145"]
[White "Turan, Asim"]
[Black "Valiyev, Shahin"]
[Result "1-0"]
[WhiteElo "2024"]
[BlackElo "1634"]
[EventDate "2018.03.17"]
[PlyCount "123"]

1.d4 Nf6 2.c4 g6 3.f3 Bg7 4.e4 d6 5.Ne2 O-O 6.Be3 e5 7.Qd2 Re8 8.d5 a5 9.
Nbc3 b6 10.g4 h5 11.h3 Na6 12.Bg5 h4 13.Qd1 Nc5 14.Bxh4 a4 15.Bg5 Bd7 16.
Qd2 Qb8 17.Ng3 c6 18.h4 cxd5 19.Bxf6 Bxf6 20.Nxd5 Bg7 21.h5 Qd8 22.Ne2 b5 
23.Nec3 Ne6 24.cxb5 Nd4 25.Be2 Rc8 26.b6 Bb5 27.Bd1 Bc6 28.Nc7 Rxc7 29.
bxc7 Qxc7 30.Rc1 Qb7 31.Be2 Re6 32.Rh3 Rf6 33.hxg6 fxg6 34.Nd5 Bxd5 35.
exd5 Rf4 36.Qc3 Qb6 37.Qd2 Qb7 38.Rc3 Rf8 39.Rc4 Qb6 40.Rxd4 exd4 41.Bd3 
Rb8 42.Rh2 Qb4 43.Bxg6 Qxd2+ 44.Rxd2 d3 45.Rxd3 Bxb2 46.Re3 Kf8 47.Kd1 Rc8
48.Re6 Ba3 49.Bc2 Rc5 50.Bxa4 Rxd5+ 51.Kc2 Bb4 52.Re3 Ba5 53.Bb3 Rc5+ 54.
Kd3 Rc3+ 55.Ke4 Kg7 56.f4 Rc5 57.g5 Bc7 58.Kf3 Kf8 59.Kg4 Rb5 60.f5 d5 61.
f6 d4 62.g6 1-0

[Event "19th EUR-ch"]
[Site "Batumi GEO"]
[Date "2018.03.25"]
[Round "8.146"]
[White "Suleymanli, Suleyman"]
[Black "Ahadzade, Kanan"]
[Result "1-0"]
[WhiteElo "1763"]
[BlackElo "1965"]
[EventDate "2018.03.17"]
[PlyCount "78"]

1.d4 Nf6 2.c4 e6 3.Nc3 d5 4.cxd5 exd5 5.Bg5 Be7 6.e3 O-O 7.Bd3 b6 8.Nge2 
Bb7 9.O-O Ne4 10.Bxe7 Qxe7 11.Nf4 Nxc3 12.bxc3 Nd7 13.Re1 Nf6 14.f3 c5 15.
Qd2 c4 16.Bc2 b5 17.Ne2 h5 18.Ng3 g6 19.Nh1 Nd7 20.e4 dxe4 21.fxe4 Rad8 
22.Rab1 Bc6 23.Nf2 a6 24.e5 Kg7 25.Nh3 Nc5 26.Qe3 Ne6 27.Rf1 b4 28.Rbd1 
Bd5 29.Rf6 Rh8 30.Ng5 Nc7 31.Rdf1 Rdf8 32.e6 Bxe6 33.Qe5 Kg8 34.Bxg6 Nd5 
35.Rxe6 fxe6 36.Rxf8+ Qxf8 37.Bf7+ Qxf7 38.Nxf7 Rh7 39.Qxe6 Nxc3 1-0

[Event "19th EUR-ch"]
[Site "Batumi GEO"]
[Date "2018.03.25"]
[Round "8.147"]
[White "Martsvalashvili, Ruzvelt"]
[Black "Mochalin, Faddey"]
[Result "0-1"]
[WhiteElo "1671"]
[BlackElo "2110"]
[EventDate "2018.03.17"]
[PlyCount "106"]

1.e4 e6 2.d4 d5 3.Nd2 Be7 4.Ngf3 Nf6 5.Bd3 c5 6.e5 Nfd7 7.c3 Nc6 8.O-O g5 
9.Bb5 cxd4 10.Bxc6 bxc6 11.Nxd4 Nxe5 12.N2f3 Nxf3+ 13.Qxf3 Qc7 14.a4 h5 
15.Re1 e5 16.Qg3 f6 17.h4 g4 18.b4 Bd7 19.b5 c5 20.Nc2 Bd6 21.Qd3 Be6 22.
Qg6+ Qf7 23.Qxf7+ Kxf7 24.Ba3 f5 25.g3 Rab8 26.Rab1 Rb7 27.Red1 Rd8 28.Ne3
Be7 29.Rbc1 Rb6 30.c4 d4 31.Ng2 Bd6 32.Ne1 Rc8 33.Nd3 Rb7 34.a5 Kf6 35.Nb2
e4 36.a6 Rg7 37.Na4 Ke5 38.Rc2 f4 39.gxf4+ Kxf4 40.Kg2 g3 41.Bc1+ Kf5 42.
Bg5 Rf7 43.Rf1 Ke5 44.Kxg3 Bxc4 45.f4+ exf3 46.Re1+ Kd5+ 47.Kf2 Bb3 48.
Nc3+ dxc3 49.Rxc3 c4 50.Be3 Rg8 51.Bxa7 Bg3+ 52.Kf1 Bxe1 53.Kxe1 Rxa7 0-1

[Event "19th EUR-ch"]
[Site "Batumi GEO"]
[Date "2018.03.25"]
[Round "8.148"]
[White "Soyunlu, Narmin"]
[Black "Tsotsonava, Elene"]
[Result "1-0"]
[WhiteElo "2035"]
[BlackElo "1789"]
[EventDate "2018.03.17"]
[PlyCount "95"]

1.d4 Nf6 2.c4 e6 3.Nc3 Bb4 4.g3 d5 5.Bg2 O-O 6.Nf3 dxc4 7.O-O Nc6 8.a3 Be7
9.e3 Na5 10.Qe2 Rb8 11.a4 Bd7 12.Ne5 Nb3 13.Rb1 c5 14.Qxc4 cxd4 15.exd4 
Nxc1 16.Rbxc1 Qb6 17.Nxd7 Nxd7 18.d5 Ne5 19.Qe2 Bf6 20.Rfd1 Rfd8 21.Bh3 
Rbc8 22.dxe6 fxe6 23.Ne4 Be7 24.Rxc8 Rxc8 25.Qb5 Qxb5 26.Bxe6+ Kf8 27.axb5
Rc2 28.Rd5 Nc4 29.Rd7 Re2 30.Bxc4 Rxe4 31.b3 Bc5 32.Rf7+ Ke8 33.Rxg7 Re7 
34.Rxe7+ Kxe7 35.Kg2 Kf6 36.f4 h6 37.Kf3 Kf5 38.g4+ Kf6 39.h4 Kg6 40.Bd3+ 
Kg7 41.g5 Bb4 42.f5 hxg5 43.hxg5 Bd2 44.Kg4 Bc3 45.f6+ Kf7 46.Kf5 b6 47.
g6+ Kg8 48.Bc4+ 1-0

[Event "19th EUR-ch"]
[Site "Batumi GEO"]
[Date "2018.03.25"]
[Round "8.149"]
[White "Naqopia, Giorgi"]
[Black "Orujov, Farid"]
[Result "1-0"]
[WhiteElo "1849"]
[BlackElo "1770"]
[EventDate "2018.03.17"]
[PlyCount "109"]

1.e4 d5 2.exd5 Nf6 3.Bb5+ Bd7 4.Bc4 b5 5.Bb3 c6 6.dxc6 Nxc6 7.Nc3 b4 8.
Nce2 e5 9.Nf3 Bc5 10.Nxe5 Bxf2+ 11.Kxf2 Nxe5 12.Rf1 Qc7 13.Kg1 Neg4 14.Ng3
O-O 15.d4 Bb5 16.Rf4 Rae8 17.h3 Ne3 18.Bxe3 Rxe3 19.Nh5 Kh8 20.Rf5 Be2 21.
Qd2 Rfe8 22.Nxf6 gxf6 23.Re5 R3xe5 24.dxe5 Qc5+ 25.Kh1 Rxe5 26.Re1 Bc4 27.
Rxe5 fxe5 28.Qd8+ Kg7 29.Qg5+ Kf8 30.Bxc4 Qxc4 31.Qxe5 Qxc2 32.Qd6+ Kg8 
33.Qd8+ Kg7 34.Qd4+ Kg8 35.Qg4+ Qg6 36.Qxb4 Qb1+ 37.Kh2 Qxa2 38.Qb8+ Kg7 
39.Qg3+ Kf8 40.Qa3+ Qxa3 41.bxa3 Ke7 42.Kg3 Kd6 43.Kf4 Kd5 44.Kg5 Ke4 45.
h4 f5 46.h5 f4 47.Kf6 Ke3 48.Ke5 a6 49.h6 a5 50.a4 Kd3 51.Kxf4 Kc4 52.g4 
Kb4 53.g5 Kxa4 54.g6 hxg6 55.h7 1-0